00418nam a2200109Ia 4500008004100000100002600041245009500067260004600162300001800208650001300226856006900239160712s9999 xx 000 0 und d aManalili, Angelito G. cAngelito G. ManaliliaAng Proseso ng Pag-oorganisa ng Pamayanan na Mula sa Tao Para sa Tao c2013bDaluyan: Journal ng Wikang Filipino avol. 19 no. 1 xFILIPINO uhttp://journals.upd.edu.ph/index.php/djwf/issue/view/385/showToc